000
00265nam a2200097Ia 4500
001
1251159
005
20251031150910.0
008
251031s9999 xx 000 0 und d
245
0
_c
MELTEM YAMAN ONMUŞ
_a
I-5 ÇOCUĞUMUN BESLENME REHBERİ
260
_b
DESTEK YAYINLARI
999
_c
1251159
_d
1251159